000 00703pam a2200241 a 4500
008
020 _a047133166X (hbk.)
049 _aMAIN
090 _aHD30.4
_bSEK
100 1 _aSekaran, Uma.
245 1 0 _aResearch methods for business :
_ba skill building approach /
_cUma Sekaran.
250 _a3rd ed.
260 _aChichester :
_bWiley,
_c2000.
300 _axiii, 463 p. ;
_c23 cm.
500 _aIncludes index.
500 _aIncludes bibliographical references.
650 0 _aBusiness
_xResearch
_xMethodology.
907 _a.b10295963
_b22-05-12
_c12-05-11
003
005 20230123125318.0
040 _cNUST
942 _cBOOKS
_kHD30.4
_mSEK
999 _c139369
_d139369